00682cam a2200229 a 45000010005000000030008000050050017000130080039000300350018000690400023000870410008001100820020001181000047001382450065001852600053002503000029003033500009003324900031003415000045003725260014004176500021004315427BD-RjUL20211208234050.0690722r19711949nyu 000 0 eng a(BD-RjUL)5463 aDLCcDLCdDLCbeng aeng00a338.9bLEP 19711 aLewis, W. Arthurq(William Arthur),d1915-14aThe principles of economic planning /c[by] W. Arthur Lewis. aNew York :bHarper & Row,cc1969 [reprined 1971] axxviii, 7-128 p.c21 cm. a1.600 aHarper torchbooks, TB 1436 aReprint of the 1949 ed. with new introd. bEconomics 0aEconomic policy.